| 000 | 01999nam a22002537a 4500 | ||
|---|---|---|---|
| 003 | Uzh_bibl | ||
| 008 | 260427b |||||||| |||| 00| 0 ukr d | ||
| 020 | _c1.40 | ||
| 040 | _aукр. | ||
| 041 |
_2ukr _aukr |
||
| 080 | _a821(477) | ||
| 090 |
_a821(477) _bН 50 |
||
| 100 | _aНемирович, Іван | ||
| 245 |
_aБерезневе моє свято _hТекст |
||
| 260 |
_aКиїв _bРадянський письменник _c1983 |
||
| 300 |
_a251 с. _fВ опр. |
||
| 520 | _aЗбірка Івана Немировича “Березневе моє свято” об’єднує повісті та оповідання, у яких змальовано життя звичайних людей, їхні турботи, радощі та переживання. Автор зосереджується на темах дитинства, родинних цінностей, людяності та праці. Через прості, але емоційно насичені сюжети розкривається внутрішній світ героїв і атмосфера часу. Твори вирізняються щирістю, теплим ліризмом і увагою до деталей повсякденного життя. | ||
| 521 | _aДля широкого кола читачів | ||
| 546 | _aукр. | ||
| 650 |
_aЛітературно-художнє видання _yДруга половина ХХ століття (радянський період), із відображенням повсякденного життя людей того часу _zПодії розгортаються в Україні, переважно в сільській місцевості та невеликих містах |
||
| 653 |
_aДитинство _aСело _aРодина _aСпогади _aПраця |
||
| 655 |
_aПовісті, оповідання (епічна проза) _vПовісті, оповідання |
||
| 942 |
_2udc _cBK |
||
| 999 |
_c17519 _d17519 |
||